[Event "Montecatini Terme op 10th"]
[Site "Montecatini Terme"]
[Date "2004.12.28"]
[Round "3"]
[White "Bocchicchio, Gaetano"]
[Black "Stromboli, Carlo"]
[Result "1/2-1/2"]
[WhiteElo "2197"]
[BlackElo "2119"]
[PlyCount "43"]
[EventDate "2004.12.27"]
[EventType "swiss"]
[EventRounds "7"]
[EventCountry "ITA"]
[SourceTitle "CBM 104 Extra"]
[Source "ChessBase"]
[SourceDate "2005.03.01"]
[SourceVersion "1"]
[SourceVersionDate "2005.03.01"]
[SourceQuality "1"]

1. d4 Nf6 2. Nc3 d5 3. Bg5 e6 4. e4 Be7 5. e5 Nfd7 6. h4 c5 7. Nb5 f6 8. exf6 Nxf6 9. Bxf6 Bxf6 10. Qh5+ g6 11. Qh6 a6 12. h5 axb5 13. hxg6 Qe7 14. gxh7 c4 15. Be2 Bd7 16. Bh5+ Kd8 17. Bg6 Nc6 18. Bh5 b4 19. a3 b5 20. a4 Re8 21. c3 Ra7 22. Rc1 1/2-1/2

[Event "Salsomaggiore Terme op 8th"]
[Site "Salsomaggiore Terme"]
[Date "2004.??.??"]
[Round "2"]
[White "Scuderi, David"]
[Black "Bocchicchio, Gaetano"]
[Result "0-1"]
[WhiteElo "2055"]
[BlackElo "2185"]
[PlyCount "128"]
[EventDate "2004.05.??"]
[EventType "swiss"]
[EventRounds "6"]
[EventCountry "ITA"]
[SourceTitle "EXT 2007"]
[Source "ChessBase"]
[SourceDate "2006.11.23"]
[SourceVersion "1"]
[SourceVersionDate "2006.11.23"]
[SourceQuality "1"]

1. e4 c5 2. c3 d6 3. d4 Qc7 4. Nf3 Bg4 5. Be2 Nd7 6. 0-0 Ngf6 7. e5 Bxf3 8. Bxf3 dxe5 9. Re1 e6 10. dxe5 Nxe5 11. Bxb7 Rd8 12. Qa4+ Qd7 13. Qxd7+ Rxd7 14. Ba6 Rd5 15. Na3 Bd6 16. Nb5 Bb8 17. Be3 Neg4 18. h3 Nxe3 19. Rxe3 Rd2 20. Rb1 Ke7 21. Na3 Rhd8 22. Re2 Rd1+ 23. Re1 Rxe1+ 24. Rxe1 Rd2 25. Nc4 Rd5 26. Ne3 Rd8 27. Rd1 Bd6 28. Be2 Rb8 29. Kf1 Nd7 30. Nc4 Bc7 31. Rb1 Ne5 32. b4 Nxc4 33. Bxc4 Be5 34. Rb3 cxb4 35. cxb4 Rc8 36. Bd3 Rc1+ 37. Ke2 f5 38. b5 Bd4 39. g4 g6 40. Rb1 Rc3 41. Rd1 Ra3 42. Bc4 Bb6 43. Bb3 Ra5 44. a4 a6 45. bxa6 Rxa6 46. Rc1 Bd8 47. Rc4 e5 48. gxf5 gxf5 49. Rh4 h6 50. Rh5 Rf6 51. Rh4 e4 52. f3 Rb6 53. Bd1 Kf7 54. Rf4 Rb2+ 55. Kf1 e3 56. Rxf5+ Ke6 57. Rb5 Rf2+ 58. Ke1 Bh4 59. Rb4 Bg3 60. Re4+ Kd6 61. Rxe3 Rh2+ 62. Kf1 Rf2+ 63. Ke1 h5 64. Be2 h4 0-1

[Event "Nereto op"]
[Site "Nareto"]
[Date "1999.??.??"]
[Round "3"]
[White "Bocchicchio, Gaetano"]
[Black "Ciolac, Gheorghe"]
[Result "1-0"]
[WhiteElo "2204"]
[BlackElo "2389"]
[PlyCount "117"]
[EventDate "1999.??.??"]
[EventType "swiss"]
[EventRounds "9"]
[EventCountry "ITA"]
[SourceTitle "EXT 2000"]
[Source "ChessBase"]
[SourceDate "1999.11.16"]
[SourceVersion "1"]
[SourceVersionDate "1999.11.16"]
[SourceQuality "1"]

1. d4 d5 2. Nc3 Nf6 3. Bg5 Nbd7 4. e4 dxe4 5. f3 exf3 6. Nxf3 h6 7. Bh4 e6 8. Bd3 Be7 9. Qe2 Nb6 10. 0-0 Nbd5 11. Nxd5 Qxd5 12. c4 Qh5 13. h3 c6 14. g4 Qa5 15. Ne5 Bd7 16. a3 Rf8 17. b4 Qb6 18. c5 Qd8 19. b5 Qc7 20. Bg3 Nd5 21. Kh2 Qa5 22. Nxd7 Kxd7 23. bxc6+ bxc6 24. Rab1 Rac8 25. Rb7+ Rc7 26. Bxc7 Nxc7 27. Rfb1 Bf6 28. Be4 Bxd4 29. Bxc6+ Ke7 30. R1b5 Qxa3 31. Rxc7+ Kf6 32. Qf1+ Kg6 33. Be4+ f5 34. gxf5+ exf5 35. Rc6+ Kh7 36. Bg2 Be5+ 37. Kh1 Qg3 38. Qg1 Rd8 39. Rb1 Rd2 40. Re6 Bd4 41. Qh2 Qd3 42. Rf1 Rf2 43. Ree1 Bxc5 44. Qe5 Bd6 45. Qe3 Rxf1+ 46. Bxf1 Qc2 47. Bg2 Bc5 48. Qe6 h5 49. Qe2 Qxe2 50. Rxe2 g6 51. Bc6 Kh6 52. Be8 f4 53. Kg2 Kg7 54. Kf3 Be3 55. Rg2 Kf6 56. Rxg6+ Ke7 57. Ba4 h4 58. Rh6 a5 59. Rxh4 1-0

[Event "Nereto op"]
[Site "Nareto"]
[Date "1999.??.??"]
[Round "4"]
[White "Razuvaev, Yuri S"]
[Black "Bocchicchio, Gaetano"]
[Result "1-0"]
[WhiteElo "2559"]
[BlackElo "2204"]
[PlyCount "111"]
[EventDate "1999.??.??"]
[EventType "swiss"]
[EventRounds "9"]
[EventCountry "ITA"]
[SourceTitle "EXT 2000"]
[Source "ChessBase"]
[SourceDate "1999.11.16"]
[SourceVersion "1"]
[SourceVersionDate "1999.11.16"]
[SourceQuality "1"]

1. d4 Nf6 2. Nf3 c5 3. d5 d6 4. Nc3 Qa5 5. Bd2 b5 6. a3 a6 7. e4 Qc7 8. Be2 g6 9. Bf4 Bg7 10. Nd2 0-0 11. 0-0 Bb7 12. Bf3 Nbd7 13. a4 b4 14. Ne2 a5 15. Ng3 Nb6 16. c4 bxc3 17. bxc3 Nfd7 18. Qc2 Ba6 19. Rfb1 Rab8 20. Be2 Bxe2 21. Nxe2 Rb7 22. Rb5 Rfb8 23. Rab1 Nc8 24. c4 Na7 25. h3 Nxb5 26. cxb5 Nb6 27. Nc4 Nxc4 28. Qxc4 Re8 29. Rd1 Qd7 30. Bd2 e5 31. Bxa5 f5 32. Bd2 f4 33. f3 g5 34. Rb1 Reb8 35. Nc3 Ra8 36. Rc1 Ra5 37. Nd1 Ra8 38. Rb1 Rab8 39. Nb2 Bf6 40. Qb3 h5 41. Nc4 Bd8 42. Kf1 g4 43. hxg4 hxg4 44. Ke2 Bc7 45. fxg4 Qxg4+ 46. Qf3 Qg6 47. Kd3 Kf7 48. Qh3 Ke7 49. Be1 Kf7 50. Bf2 Kg8 51. g3 f3 52. Rh1 Rf8 53. Qd7 Rd8 54. Qc6 Rdb8 55. Bxc5 Bd8 56. Nxe5 1-0

[Event "ITA-chT 28th"]
[Site "Italy"]
[Date "1996.??.??"]
[Round "?"]
[White "Bocchicchio, Gaetano"]
[Black "Trincardi, Tullio"]
[Result "1/2-1/2"]
[WhiteElo "2225"]
[BlackElo "2235"]
[PlyCount "87"]
[EventDate "1996.02.25"]
[EventType "team-swiss"]
[EventRounds "7"]
[EventCountry "ITA"]
[SourceTitle "EXT 2021"]
[Source "ChessBase"]
[SourceDate "2020.10.23"]
[SourceVersion "1"]
[SourceVersionDate "2020.10.23"]
[SourceQuality "1"]

1. d4 Nf6 2. Nc3 d5 3. Bg5 Bf5 4. Nf3 Nbd7 5. e3 e6 6. Bd3 Bg6 7. Ne5 Be7 8. f4 a6 9. 0-0 c5 10. f5 exf5 11. Bxf5 Bxf5 12. Rxf5 0-0 13. Nxd7 Qxd7 14. Bxf6 Bxf6 15. Qf3 cxd4 16. Rxd5 Qe6 17. exd4 Rfe8 18. Rd1 Rac8 19. Rf5 Rc4 20. Rf4 Rd8 21. d5 Qb6+ 22. Qf2 Qxf2+ 23. Rxf2 Bd4 24. Kf1 Bxf2 25. Kxf2 b5 26. a3 a5 27. Rd2 b4 28. axb4 axb4 29. Nd1 f5 30. Ne3 Re4 31. Kf3 g6 32. g3 Kf7 33. c4 bxc3 34. bxc3 Kf6 35. c4 Ke5 36. c5 Rxe3+ 37. Kxe3 Rxd5 38. Rxd5+ Kxd5 39. Kf4 Kxc5 40. Kg5 Kd4 41. Kh6 Ke3 42. h4 Kf3 43. Kxh7 Kxg3 44. Kxg6 1/2-1/2